000 00867nas a2200277 4500
001 BR2014004422
003 BR-BrBNA
005 20231205124239.0
007 ta
008 230509b bl.|||p| |||| 00| 00por d
040 _aBR-BrBNA
_bpor
_cBiblioteca Nacional de Agricultura
041 _a(En)
072 _aE14
100 1 _aCarrer, C. da C.
100 1 _aPlonski, G.A.
100 1 _aCarrer, C.R.O.
100 1 _aOliveira, C.E.L. de
245 1 _aInnovation and entrepreneurshi in scientific research
650 _aPESQUISA
650 _aDESENVOLVIMENTO ECONÔMICO
650 _aINOVAÇÃO
773 0 _tRevista Brasileira de Zootecnia (Brazil)
_xISSN 1806-9290
_g(Jul 2010), v. 39(special number) p. 17-25
_wBR2014004422
856 4 0 _uhttp://www.scielo.br/pdf/rbz/v39sspe/03.pdf
909 _a202311
_bLúcia
_c55
_dLúcia Elande
942 _2AGRIS
_n0
_cANA
999 _c238088
_d238088